00659nam a22002177a 4500003000400000008004100004020001800045082001700063245011000080250001200190260002900202300001400231650003400245650004100279650001900320650001600339700002000355700002300375700002200398700002100420OSt250205b |||||||| |||| 00| 0 eng d a9789332570344 a631.42bH38S aSoil Fertility and Fertilizers : an introduction to nutrient management / cby John L. Havlin...[et. al.] a8th ed. a.- UPb: Pearsonc, 2023 avii,520p. aTechnology (Applied Sciences) aAgriculture and Related Technologies aSoil Fertility aFertilizers aHavlin, John L. aTisdale, Samuel L. aNelson, Werner L. aBeaton, James D.